Click the correct country-Random countries - Statistics

General Stats
  • This quiz has been taken 53 times
    52 since last reset
  • The average score is 12 of 15
Answers on the Map
Answers color-coded by a green-red scale on the quiz's map according to % correct below.
 
Answer Stats
Answer % Correct
Paraguay
95%
Morocco
93%
Egypt
86%
Guatemala
86%
Portugal
86%
Guinea-Bissau
83%
Mexico
79%
Switzerland
79%
Brazil
76%
France
76%
Israel
76%
Nigeria
76%
Iraq
71%
Papua New Guinea
71%
Libya
69%
No matching quizzes found
Score Distribution
Percent of People with Each Score
Percentile by Number Answered
Your Score History
You have not taken this quiz since the last reset